Đánh giá hiện trạng môi trường làng nghề điêu khắc tỉnh Bình Dương và đề xuất các giải pháp giảm thiểu, kiểm soát ô nhiễm môi trường

Đã lưu trong:
Sonraí Bibleagrafaíochta
Príomhúdar: Tôn, Thất Lãng
Formáid: Leabhar
Teanga:Undetermined
Ábhair:
Rochtain Ar Líne:http://lrc.tdmu.edu.vn/opac/search/detail.asp?aID=2&ID=35014
Clibeanna: Cuir Clib Leis
Gan Chlibeanna, Bí ar an gcéad duine leis an taifead seo a chlibeáil!
Thư viện lưu trữ: Trung tâm Học liệu Trường Đại học Thủ Dầu Một
LEADER 00764nam a2200145Ia 4500
001 TDMU_35014
008 210410s9999 xx 000 0 und d
082 |a 628.1 
100 |a Tôn, Thất Lãng 
245 0 |a Đánh giá hiện trạng môi trường làng nghề điêu khắc tỉnh Bình Dương và đề xuất các giải pháp giảm thiểu, kiểm soát ô nhiễm môi trường 
245 0 |c Tôn Thất Lãng 
300 |a Tr.47-49 
650 |a Bình Dương; Làng nghề điêu khắc; Ô nhiễm môi trường; Kiểm soát; Môi trường 
856 |u http://lrc.tdmu.edu.vn/opac/search/detail.asp?aID=2&ID=35014 
980 |a Trung tâm Học liệu Trường Đại học Thủ Dầu Một